Statystyki dla 10 Największych Miast Województwa Kujawsko-Pomorskiego

Kliknij tutaj aby rozwiązać quiz!

Ogólne statystyki

  • Ten quiz został rozwiązany 1 299 razy
  • Średni wynik to 7 z 10

Statystyki odpowiedzi

Lp.Liczba LudnościMiasto% Poprawnych
1.350,178Bydgoszcz
100%
2.202,074Toruń
99%
3.110,802Włocławek
88%
4.95,045Grudziądz
84%
5.73,114Inowrocław
83%
6.28,774Brodnica
55%
7.25,831Świecie
54%
8.19,720Chełmno
47%
9.18,353Nakło nad Notecią
46%
10.16,354Rypin
41%

Rozkład punktacji

Percentyl według liczby udzielonych odpowiedzi

Procent ludzi z każdym wynikiem

Twoja historia wyników

Nie rozwiązałeś tego quizu